000 00402nam a2200121Ia 4500
008 220620s9999||||xx |||||||||||||| ||und||
100 _aMukhopadhyay, Tito
245 0 _aTeaching Myself To See
546 _aEnglish[eng]
650 _aautism, auto-anthropology, neurodiversity, vision, perception, DSM-V
856 _uhttps://library.oapen.org/bitstream/20.500.12657/46603/1/0303.1.00.pdf
942 _cEB
999 _c33304
_d33304